Digondol brandal. (Record no. 86870)

MARC details
000 -LEADER
fixed length control field 00502cam a22002051a 4500
001 - CONTROL NUMBER
control field sa 68016024
003 - CONTROL NUMBER IDENTIFIER
control field DLC
005 - DATE AND TIME OF LATEST TRANSACTION
control field 20260227112651.0
008 - FIXED-LENGTH DATA ELEMENTS--GENERAL INFORMATION
fixed length control field 950414s1966 io 000 1 ind
010 ## - LIBRARY OF CONGRESS CONTROL NUMBER
LC control number sa 68016024
025 ## - OVERSEAS ACQUISITION NUMBER
Overseas acquisition number PL480:Indo-4961
035 ## - SYSTEM CONTROL NUMBER
System control number (OCoLC)32305820
040 ## - CATALOGING SOURCE
Original cataloging agency DLC
Transcribing agency WU
Modifying agency DLC
042 ## - AUTHENTICATION CODE
Authentication code premarc
050 00 - LIBRARY OF CONGRESS CALL NUMBER
Classification number PL5089.S775
Item number D5
100 1# - MAIN ENTRY--PERSONAL NAME
Personal name Sungkono, Ning.
245 10 - TITLE STATEMENT
Title Digondol brandal.
260 ## - PUBLICATION, DISTRIBUTION, ETC.
Place of publication, distribution, etc. Sala :
Name of publisher, distributor, etc. "Mutiara Press,"
Date of publication, distribution, etc. 1966.
300 ## - PHYSICAL DESCRIPTION
Extent 42 p. ;
Dimensions 14 cm.

No items available.

Powered by Koha